000 00839nam a22002297a 4500
999 _c13830
_d13830
003 AR-CdUCM
008 190416b ||||| |||| 00| 0 spa d
040 _aMUNICIPALIDAD PROVINCIAL DEL CUSCO
_cBIBLIOTECA MUNICIPAL DEL CUSCO
082 _aC / 913.61 /
_bA82
110 _aAsociación de arqueología andina
_932390
245 _aArqueología andina /
260 _aCusco :
_bINC,
_c1963.
300 _a75 paginas ;
_bilustraciones.
_c23 cm.
505 _aEvidencias pre-ceramicas de Espinar -- Evidencia cultural del Horizonte Medio -- Estudio de Sillustani...
650 _aSillustani.
_932391
650 _aMaucallaqta.
_932392
650 _aPomacanchi.
_932393
650 _aArqueología.
_9371
856 _uhttp://bvirtual.culturacusco.gob.pe/items/show/143
_zLeer en digital
942 _2ddc
_cLIBROS
945 _awfj
_d2019-04-16